| 000 | 01713cam a22003614i 4500 | ||
|---|---|---|---|
| 003 | PE-LiUPU | ||
| 005 | 20250731184056.0 | ||
| 008 | 150617s r 000 0 d | ||
| 035 | _a(Sirsi) a20076 | ||
| 040 |
_aPE-LiUPU _bspa _cPE-LiUPU _erda |
||
| 049 | _aPRUA | ||
| 082 | 0 | 4 |
_a801.951 _bD49 _221 |
| 100 |
_aDelas, Daniel., _eeditor. _96202 |
||
| 245 | 0 | 0 | _aLingüística y poética. |
| 264 | 1 |
_aBuenos Aires : _bHachette, _c1978. |
|
| 300 |
_a230 páginas ; _c24 cm |
||
| 336 |
_atext _2rdacontent |
||
| 337 |
_aunmediated _2rdamedia |
||
| 338 |
_avolume _2rdacarrier |
||
| 490 | 0 | _aColección Hachette Universidad | |
| 505 | 0 | _aEnfoques retóricos -- Enfoques intersubjetivos -- Lingüísticas estructural y estilística -- Mensaje poético e información -- La función poética -- Realidades lingüísticas del mensaje poético -- Materiales para la decodificación sintáctica -- Materiales para la decodificación semántica -- Materiales para la decodificación sonora y métrica -- La figura poética -- Poesía musical, poesía visual -- Marcas externas y modelo métrico -- Marcas externas y espacio textual -- Espacialización e iddeografía -- Espacialización y percepción poética -- Selección e integración -- Marcas internas de poeticidad -- Estructura concreta/estructura abstracta -- Percepción, integración y "lugares" -- Gramática y comunicación. | |
| 526 | _aP145 | ||
| 526 | _aP127 | ||
| 526 | _aP97 | ||
| 526 | _aP14 | ||
| 526 | _aP07 | ||
| 650 | 0 | 4 |
_aLenguaje y lenguas _xEstilo. |
| 650 | 0 | 4 | _aPoética. |
| 700 |
_aFilliolet, Jacques, _eeditor. _96203 |
||
| 942 |
_2ddc _cBK |
||
| 999 |
_c19952 _d19952 |
||
| 980 |
_81 _gALBERTO SANCHEZ Responsable de Automatización |
||